|
|
|
|
| LEADER |
00000nam a22000007a 4500 |
| 005 |
20170411183123.0 |
| 007 |
cr|||| |||| |
| 008 |
170411c20129999cl |||| s|||| 0||| 1spa d |
| 035 |
|
|
|a 14498
|
| 040 |
|
|
|a vLex
|
| 090 |
|
|
|c 6649
|d 6649
|
| 245 |
0 |
0 |
|a Estudios Jurd̕icos
|h [Recurso electrn̤ico] :
|b Democracia y Justicia
|
| 256 |
|
|
|a Servicio en ln̕ea
|
| 260 |
|
|
|a Santiago de Chile :
|b Centro de Estudios Democracia y Justicia. Universidad de Talca,
|c 2012
|
| 300 |
|
|
|a 1 recurso electrn̤ico
|
| 310 |
|
|
|a Anual
|
| 362 |
|
|
|a Nm︢. 1 (2012) -
|
| 506 |
0 |
|
|a Contenido disponible en los productos indicados
|d vLex Global
|d vLex Global (Academic Edition, excluding Law Schools)
|d vLex Global (U.S. Academic Edition, Law Schools)
|d vLex Global (U.S. Academic Edition, excluding Law Schools)
|d vLex Global (Academic Edition, Law Schools)
|
| 650 |
0 |
4 |
|2 Derecho
|z Chile
|
| 650 |
0 |
4 |
|a Democracia
|z Chile
|
| 740 |
0 |
|
|a vLex Revistas (Servicio en ln̕ea)
|
| 856 |
4 |
0 |
|u http://vlex.com/source/estudios-juridicos-democracia-justicia-14498
|z Acceso restringido
|
| 942 |
|
|
|c REV
|
| 999 |
0 |
|
|a Law
|
| 999 |
0 |
|
|a Democracy
|